000 00438nam a22001697a 4500
003 OSt
005 20260416050156.0
008 260416b |||||||| |||| 00| 0 eng d
020 _a978-0-441-01701-0
040 _aDWCL-Main Lib
_cOC
082 _aFic. H297 2008
100 _aHarris, Charlaine
245 _aFrom dead to worse
260 _aNew York :
_bAce Books,
_cc2008.
300 _a321 p. ;
_c17 cm.
942 _2ddc
_cFIC.
_mFic.
_n0
999 _c9493
_d9493